000 02894nam a2200325Ia 4500
003 CO-CtgCURN
005 20250915221044.0
008 230206s2021 xx 000 0 und d
020 _a9788413624310
040 _aCO-CtgCURN
_bspa
_ccoctgcurn
082 _a361.3
_bF363m
100 _aFernández García, Tomás
_eautor
_96477
245 0 _aTrabajo social individualizado :
_bmetodología de intervención /
_cTomás Fernández García; Laura Ponce de León Romero
250 _a2 edición
260 _aMadrid, España :
_bAlianza Editorial,
_c2021
300 _a445 páginas ;
_c24 centímetros
490 _aPolítica social / Servicios sociales
500 _aIncluye introducción, prefacio e índice
504 _aIncluye referencias bibliográficas (p. [409]-437)
505 _a1. La persona: sus necesidades y problemas -- 2. La ética en el Trabajo Social individualizado -- 3. Procedimiento metodológico del Trabajo Social individualizado -- 4. Diagnóstico social -- 5. Diseño de intervención -- 6. Aplicación del diseño de intervención -- 7. Evaluación de la intervención individualizada -- 8. Modelos de intervención en Trabajo Social individualizado -- 9. Principales técnicas y documentos en Trabajo Social individualizado -- 10. Análisis de un caso práctico en Trabajo Social individualizado -- 11. Análisis de un caso práctico de coordinación sociosanitaria.
520 _aLa emigración, la muerte de seres queridos, los problemas económicos como consecuencia del desempleo, la violencia doméstica, el deterioro de la seguridad del niño ante el abandono escolar, los conflictos con la familia, etc. son situaciones dolorosas a las que las personas pueden tener que enfrentarse en distintos momentos de sus vidas. Existen alternativas que ayudan a atenuar los sufrimientos individuales, que movilizan los recursos para orientar a esas personas hacia un cambio positivo a pesar del drama sufrido, donde el trabajo social individualizado se convierte en un proceso educativo y social dirigido hacia la persona objeto de la intervención. El presente libro trata de estos grandes conflictos, teniendo como objetivo ofrecer respuestas desde el paradigma teórico, para que la persona pueda afrontar las adversidades, superarlas y salir de ellas fortalecida e, incluso, transformada para proyectar autónomamente su futuro. Los dos casos prácticos, explicados con pragmatismo al final del libro, evidencian la consecución de esta tarea profesional.
521 _aAREA PROFESIONAL
590 _aPrograma de Trabajo Social_26
650 _aPolítica social
_96478
650 _aTrabajo social
_96479
700 _aPonde de León Romero, Laura
_eautora
_96480
942 _cBK
_h361.3
_iF363m
_2ddc
_08
_n0
999 _c30796
_d30796